[Event "I Open Ciutat de Sueca 2015"]
[Site "Sueca ESP"]
[Date "2015.07.27"]
[Round "1.24"]
[White "Cebrian Flores, Juan Antonio"]
[Black "Gutierrez Posada, David"]
[Result "1-0"]
[WhiteElo "1991"]
[BlackElo "1391"]
[PlyCount "51"]
[EventDate "2015.07.27"]
[EventType "swiss"]
[EventRounds "8"]
[EventCountry "ESP"]
[SourceTitle "Ajedrez en Madrid"]
[Source "lmi"]
[SourceDate "2015.05.27"]

1. d4 Nf6 2. Nc3 d5 3. Bg5 e6 4. e4 Be7 5. e5 Nfd7 6. Bxe7 Qxe7 7. Qg4 O-O 8.
Bd3 h6 9. f4 Qb4 10. O-O-O c5 11. h4 c4 12. Be2 Nc6 13. Qh5 Ne7 14. g4 Nb6 15.
Rh3 Bd7 16. a3 Qa5 17. Rf1 Be8 18. g5 f5 19. Qf3 h5 20. g6 Bxg6 21. Rg3 Bf7 22.
Nh3 g6 23. Qxh5 Kg7 24. Qg5 Rae8 25. h5 Na4 26. h6+ 1-0

[Event "I Open Ciutat de Sueca 2015"]
[Site "Sueca ESP"]
[Date "2015.07.27"]
[Round "1.25"]
[White "Puig Perez, Jordi"]
[Black "Ramon Gualberto, Arturo"]
[Result "0-1"]
[WhiteElo "1360"]
[BlackElo "1968"]
[PlyCount "100"]
[EventDate "2015.07.27"]
[EventType "swiss"]
[EventRounds "8"]
[EventCountry "ESP"]
[SourceTitle "Ajedrez en Madrid"]
[Source "lmi"]
[SourceDate "2015.05.27"]

1. e4 c6 2. d4 d5 3. Nc3 dxe4 4. Nxe4 Bf5 5. Nc3 Nf6 6. Nf3 e6 7. Bg5 Be7 8.
Bc4 Nbd7 9. O-O O-O 10. Qd2 Nb6 11. Bb3 Nbd5 12. Nxd5 cxd5 13. Rfe1 Rc8 14. c3
b5 15. Bc2 Bxc2 16. Qxc2 b4 17. Rac1 bxc3 18. bxc3 Ne4 19. Bxe7 Qxe7 20. Qb2
Rb8 21. Qc2 Rfc8 22. Re3 h6 23. Qd1 Rb2 24. Qa4 Nxf2 25. Rc2 Rxc2 26. Qxc2 Ne4
27. Qb3 Qc7 28. h3 Qf4 29. Rd3 Qc1+ 30. Rd1 Qe3+ 31. Kh1 Nf2+ 32. Kh2 Qf4+ 33.
Kg1 Nxd1 34. Qxd1 Rxc3 35. Qe2 Qe3+ 36. Qxe3 Rxe3 37. Kf2 Ra3 38. g4 Rxa2+ 39.
Kg3 Ra3 40. Kf4 Rxf3+ 41. Kxf3 a5 42. Ke3 f5 43. Kd3 f4 44. Ke2 a4 45. Kf3 a3
46. Kxf4 a2 47. Ke5 a1=Q 48. h4 Kf7 49. g5 Qc3 50. gxh6 Qc7# 0-1

[Event "I Open Ciutat de Sueca 2015"]
[Site "Sueca ESP"]
[Date "2015.07.27"]
[Round "1.26"]
[White "La Orden Gil, Javier"]
[Black "Linares Carrasquer, Jordi"]
[Result "1-0"]
[WhiteElo "1967"]
[BlackElo "1352"]
[PlyCount "67"]
[EventDate "2015.07.27"]
[EventType "swiss"]
[EventRounds "8"]
[EventCountry "ESP"]
[SourceTitle "Ajedrez en Madrid"]
[Source "lmi"]
[SourceDate "2015.05.27"]

1. e4 e6 2. d4 d5 3. e5 c5 4. c3 Nc6 5. Nf3 Qb6 6. Bd3 Nge7 7. dxc5 Qxc5 8. O-O
Ng6 9. Re1 Be7 10. Nbd2 O-O 11. Nb3 Qb6 12. h4 Qc7 13. Qe2 Rd8 14. h5 Nf8 15.
h6 g6 16. Bf4 b6 17. Nbd4 Nxd4 18. cxd4 a6 19. Rac1 Qd7 20. Rc2 Ra7 21. Rec1 b5
22. Bg5 Bxg5 23. Nxg5 Qe7 24. Nxf7 Qxf7 25. Rxc8 Rxc8 26. Rxc8 Rc7 27. Rxc7
Qxc7 28. Qd2 Qe7 29. Qf4 Nd7 30. Qc1 Kf7 31. Qc8 Nb6 32. Qh8 Qb4 33. Qxh7+ Ke8
34. Qxg6+ 1-0

[Event "I Open Ciutat de Sueca 2015"]
[Site "Sueca ESP"]
[Date "2015.07.27"]
[Round "1.28"]
[White "Iborra Fabra, Ramon"]
[Black "Valdenebro Orihuel, Miguel"]
[Result "0-1"]
[WhiteElo "1339"]
[BlackElo "1951"]
[PlyCount "46"]
[EventDate "2015.07.27"]
[EventType "swiss"]
[EventRounds "8"]
[EventCountry "ESP"]
[SourceTitle "Ajedrez en Madrid"]
[Source "lmi"]
[SourceDate "2015.05.27"]

1. e4 c6 2. d4 d5 3. exd5 Qxd5 4. Nc3 Qd8 5. Nf3 Nf6 6. Be2 e6 7. O-O Bd6 8.
Re1 Nbd7 9. Bg5 Qc7 10. Bc4 O-O 11. Ne4 Nxe4 12. Rxe4 b5 13. Bb3 c5 14. c3 c4
15. Bc2 Bb7 16. Rh4 f5 17. Qe2 Rae8 18. Re1 e5 19. Qd2 e4 20. Ne5 Nxe5 21. dxe5
Bxe5 22. Bf4 Bxf4 23. Rxf4 g5 0-1

[Event "I Open Ciutat de Sueca 2015"]
[Site "Sueca ESP"]
[Date "2015.07.27"]
[Round "1.29"]
[White "Sampedro Barrios, Pablo"]
[Black "Jimenez Hernandez, Jose"]
[Result "1-0"]
[WhiteElo "1936"]
[BlackElo "1335"]
[PlyCount "63"]
[EventDate "2015.07.27"]
[EventType "swiss"]
[EventRounds "8"]
[EventCountry "ESP"]
[SourceTitle "Ajedrez en Madrid"]
[Source "lmi"]
[SourceDate "2015.05.27"]

1. e4 e5 2. c4 Nf6 3. Nc3 Nc6 4. g3 Bc5 5. Bg2 d6 6. h3 Be6 7. d3 h6 8. Nge2 a6
9. O-O Qd7 10. Kh2 O-O-O 11. f4 Qe7 12. a3 Ba7 13. b4 Nb8 14. Bd2 Bd7 15. b5
Bb6 16. Rb1 Rdg8 17. Na4 Bc5 18. Qb3 b6 19. Nxc5 dxc5 20. fxe5 Qxe5 21. Bf4 Qh5
22. Nc3 Ng4+ 23. Kg1 Ne5 24. Nd5 Re8 25. Nxc7 Bxh3 26. Nxe8 Bxg2 27. Nd6+ Kd7
28. Kxg2 Ng4 29. Rh1 Qg6 30. bxa6 Nc6 31. Qxb6 Nce5 32. Qb7+ 1-0

[Event "I Open Ciutat de Sueca 2015"]
[Site "Sueca ESP"]
[Date "2015.07.27"]
[Round "1.30"]
[White "Bartroli Tejada, Marc"]
[Black "Castillo Pla, Emilio"]
[Result "0-1"]
[WhiteElo "1280"]
[BlackElo "1934"]
[PlyCount "65"]
[EventDate "2015.07.27"]
[EventType "swiss"]
[EventRounds "8"]
[EventCountry "ESP"]
[SourceTitle "Ajedrez en Madrid"]
[Source "lmi"]
[SourceDate "2015.05.27"]

1. d4 g6 2. e4 Bg7 3. Nf3 d6 4. Be2 Nf6 5. Nc3 O-O 6. h3 c6 7. O-O Nbd7 8. Bd3
e5 9. d5 cxd5 10. Nxd5 Nxd5 11. exd5 Nc5 12. Ng5 h6 13. Ne4 Nxe4 14. Bxe4 f5
15. Bf3 b6 16. Be2 Bb7 17. Bc4 Qc7 18. Bb3 a5 19. c3 Qd7 20. Be3 a4 21. Bc2 b5
22. Qd2 Qf7 23. Bxh6 Bxd5 24. Bxg7 Kxg7 25. b3 Rfd8 26. bxa4 bxa4 27. Qd1 Bc6
28. f3 d5 29. Qc1 Qf6 30. Bd1 Bb5 31. Re1 Rh8 32. Qb2 Bc6 33. Qb4 0-1

[Event "I Open Ciutat de Sueca 2015"]
[Site "Sueca ESP"]
[Date "2015.07.27"]
[Round "1.31"]
[White "Gerona Maura, Jesus"]
[Black "Egea Herrero, Albert"]
[Result "1-0"]
[WhiteElo "1931"]
[BlackElo "1267"]
[PlyCount "113"]
[EventDate "2015.07.27"]
[EventType "swiss"]
[EventRounds "8"]
[EventCountry "ESP"]
[SourceTitle "Ajedrez en Madrid"]
[Source "lmi"]
[SourceDate "2015.05.27"]

1. e4 e5 2. Nf3 Nc6 3. Bb5 a6 4. Ba4 b5 5. Bb3 Nf6 6. O-O d6 7. Ng5 d5 8. exd5
Nxd5 9. Qf3 Be6 10. Nxe6 fxe6 11. c3 Qd7 12. Re1 Bd6 13. Bxd5 exd5 14. Qxd5
O-O-O 15. a4 bxa4 16. Rxa4 Nb8 17. b3 Rhf8 18. d3 Qf7 19. Qxf7 Rxf7 20. Be3 Kb7
21. Nd2 Nc6 22. Rea1 Ra8 23. b4 Rff8 24. Rb1 Rfb8 25. Ne4 Be7 26. Bc5 Bf6 27.
Kf1 Rd8 28. b5 a5 29. bxc6+ Kxc6 30. Ke2 Rd7 31. c4 Be7 32. Bxe7 Rxe7 33. Rb5
Ree8 34. Raxa5 Rac8 35. Ra6+ Kd7 36. Rd5+ Ke7 37. Rxe5+ Kf8 38. Rae6 Rxe6 39.
Rxe6 Kf7 40. Rc6 Ke7 41. Nc5 h6 42. Na6 Kd8 43. Rg6 Ra8 44. Ke3 Kc8 45. Kd4 Kb7
46. Nc5+ Kc8 47. Rxg7 Kb8 48. Rg8+ Ka7 49. Rxa8+ Kxa8 50. Kd5 Kb8 51. Kc6 Kc8
52. d4 Kd8 53. Ne6+ Kc8 54. d5 Kb8 55. Nxc7 Kc8 56. d6 Kd8 57. Ne6+ 1-0

[Event "I Open Ciutat de Sueca 2015"]
[Site "Sueca ESP"]
[Date "2015.07.27"]
[Round "1.33"]
[White "Oltra Landete, Fidel"]
[Black "Follana Albelda, Lucia"]
[Result "1-0"]
[WhiteElo "1906"]
[BlackElo "1129"]
[PlyCount "117"]
[EventDate "2015.07.27"]
[EventType "swiss"]
[EventRounds "8"]
[EventCountry "ESP"]
[SourceTitle "Ajedrez en Madrid"]
[Source "lmi"]
[SourceDate "2015.05.27"]

1. e4 d5 2. exd5 Qxd5 3. Nc3 Qd8 4. d4 Nf6 5. Nf3 Bg4 6. Be2 e6 7. O-O Bb4 8.
Bf4 Nc6 9. Nb5 Bd6 10. Nxd6+ cxd6 11. c3 O-O 12. Bg5 h6 13. Bh4 Bf5 14. h3 Bg6
15. Nh2 Qc7 16. Bxf6 gxf6 17. Ng4 Kg7 18. Qd2 Rh8 19. Qf4 Qe7 20. Rfe1 e5 21.
dxe5 fxe5 22. Qg3 Kh7 23. Qe3 Qg5 24. Qxg5 hxg5 25. Rad1 Rad8 26. Rd2 f5 27.
Nf6+ Kg7 28. Nd5 Rd7 29. Red1 Rhd8 30. Ne3 Ne7 31. Nc4 Kf6 32. Rxd6+ Rxd6 33.
Nxd6 Rb8 34. Nc4 Bf7 35. Rd6+ Kg7 36. Nxe5 Bxa2 37. c4 Nc8 38. Rg6+ Kh7 39.
Rxg5 Bb1 40. Bf3 Ne7 41. g4 Kh6 42. h4 fxg4 43. Nxg4+ Kh7 44. Nf6+ Kh6 45. Be4
Bxe4 46. Nxe4 Rc8 47. c5 b6 48. cxb6 axb6 49. Rb5 Rb8 50. Kh2 Nc6 51. Kg3 Rg8+
52. Ng5 Rb8 53. f4 Kg6 54. Kg4 Nd4 55. Rd5 Nc2 56. Rd6+ Kg7 57. Rd7+ Kg6 58.
h5+ Kh6 59. Rh7# 1-0

[Event "I Open Ciutat de Sueca 2015"]
[Site "Sueca ESP"]
[Date "2015.07.27"]
[Round "1.34"]
[White "Botella Brandt, Rafael"]
[Black "Del Arco Gimeno, Juan"]
[Result "0-1"]
[WhiteElo "1838"]
[BlackElo "1894"]
[PlyCount "34"]
[EventDate "2015.07.27"]
[EventType "swiss"]
[EventRounds "8"]
[EventCountry "ESP"]
[SourceTitle "Ajedrez en Madrid"]
[Source "lmi"]
[SourceDate "2015.05.27"]

1. e4 d6 2. d4 c5 3. Nf3 cxd4 4. Nxd4 Nc6 5. Be2 Nf6 6. Nc3 g6 7. Be3 Bg7 8.
Qd2 a6 9. f3 Qc7 10. O-O-O Nxd4 11. Bxd4 O-O 12. g4 Be6 13. h4 h5 14. Nd5 Bxd5
15. exd5 Rac8 16. Bxf6 exf6 17. gxh5 Bh6 0-1

[Event "I Open Ciutat de Sueca 2015"]
[Site "Sueca ESP"]
[Date "2015.07.27"]
[Round "1.35"]
[White "Bono Monreal, Alberto"]
[Black "Castello Gadea, David"]
[Result "1-0"]
[WhiteElo "1891"]
[BlackElo "1218"]
[PlyCount "51"]
[EventDate "2015.07.27"]
[EventType "swiss"]
[EventRounds "8"]
[EventCountry "ESP"]
[SourceTitle "Ajedrez en Madrid"]
[Source "lmi"]
[SourceDate "2015.05.27"]

1. e4 b6 2. d4 Bb7 3. Nc3 g6 4. f4 Bg7 5. Nf3 Nf6 6. Bd3 d6 7. O-O O-O 8. h3
Nbd7 9. Be3 e6 10. f5 exf5 11. exf5 Rb8 12. Qd2 d5 13. Bg5 Qc8 14. Ne5 c5 15.
Nxd7 Qxd7 16. Bb5 Bc6 17. Bxc6 Qxc6 18. fxg6 fxg6 19. dxc5 bxc5 20. Bxf6 d4 21.
Bxg7 Kxg7 22. Ne2 Rxb2 23. Rxf8 Kxf8 24. Rf1+ Kg7 25. Nxd4 Qa4 26. Nf5+ 1-0

[Event "I Open Ciutat de Sueca 2015"]
[Site "Sueca ESP"]
[Date "2015.07.28"]
[Round "2.1"]
[White "Valmana Canto, Jaime"]
[Black "Rasskin Friederichs, Ivan"]
[Result "1-0"]
[WhiteElo "2416"]
[BlackElo "2036"]
[PlyCount "73"]
[EventDate "2015.07.27"]
[EventType "swiss"]
[EventRounds "8"]
[EventCountry "ESP"]
[SourceTitle "Ajedrez en Madrid"]
[Source "lmi"]
[SourceDate "2015.05.27"]

1. Nf3 Nf6 2. g3 g6 3. Bg2 Bg7 4. O-O O-O 5. c4 d6 6. d4 c6 7. Nc3 Nbd7 8. e4
e5 9. h3 Re8 10. d5 cxd5 11. cxd5 Nc5 12. Ne1 b5 13. b4 Na4 14. Nxb5 Qb6 15.
Nxd6 Nc3 16. Qd3 Qxd6 17. Qxc3 Ba6 18. Nd3 Nxd5 19. Qb3 Nf4 20. Nxf4 Bxf1 21.
Bxf1 exf4 22. Bxf4 Be5 23. Bc4 Qf6 24. Bxe5 Rxe5 25. Re1 Rd8 26. Re3 Rd4 27.
Bd5 Qb6 28. a3 Re7 29. Rf3 Qc7 30. Kg2 Rd2 31. h4 h5 32. b5 Kg7 33. a4 f6 34.
Qb4 Rd1 35. Rc3 Qd7 36. Qb3 Qg4 37. Qc2 1-0

[Event "I Open Ciutat de Sueca 2015"]
[Site "Sueca ESP"]
[Date "2015.07.28"]
[Round "2.2"]
[White "Bordes Ibanez, Juan"]
[Black "Garcia, Jhoel"]
[Result "0-1"]
[WhiteElo "1997"]
[BlackElo "2336"]
[PlyCount "56"]
[EventDate "2015.07.27"]
[EventType "swiss"]
[EventRounds "8"]
[EventCountry "ESP"]
[SourceTitle "Ajedrez en Madrid"]
[Source "lmi"]
[SourceDate "2015.05.27"]

1. d4 Nf6 2. c4 g6 3. Nc3 Bg7 4. e4 d6 5. Nf3 O-O 6. Be2 c6 7. O-O e5 8. d5 Na6
9. Nd2 Ne8 10. Rb1 c5 11. a3 f5 12. b4 b6 13. Rb3 Nf6 14. f3 f4 15. Rf2 h5 16.
Nf1 g5 17. h3 Rf7 18. Nh2 Bf8 19. Bd2 Rg7 20. Be1 Bd7 21. Kh1 Be7 22. Rf1 Kf7
23. Bf2 Qh8 24. bxc5 Nxc5 25. Bxc5 bxc5 26. Rb7 Bc8 27. Rb3 g4 28. fxg4 hxg4
0-1

[Event "I Open Ciutat de Sueca 2015"]
[Site "Sueca ESP"]
[Date "2015.07.28"]
[Round "2.3"]
[White "Montoliu Cervero, Francisco"]
[Black "Hurtado Oldridge, Felipe"]
[Result "1-0"]
[WhiteElo "2335"]
[BlackElo "2019"]
[PlyCount "49"]
[EventDate "2015.07.27"]
[EventType "swiss"]
[EventRounds "8"]
[EventCountry "ESP"]
[SourceTitle "Ajedrez en Madrid"]
[Source "lmi"]
[SourceDate "2015.05.27"]

1. e4 e6 2. d4 d5 3. e5 c5 4. c3 Nc6 5. Nf3 Qb6 6. a3 f6 7. b4 c4 8. a4 fxe5 9.
dxe5 a6 10. h4 Nh6 11. h5 Ng4 12. Qe2 Be7 13. Bf4 O-O 14. g3 a5 15. Bh3 Nxf2
16. Qxf2 Qxf2+ 17. Kxf2 axb4 18. cxb4 Nxb4 19. Nc3 Bc5+ 20. Ke2 Nc6 21. Rhd1 d4
22. Nb5 d3+ 23. Kf1 Bb6 24. Nd6 Bd7 25. Nxc4 1-0

[Event "I Open Ciutat de Sueca 2015"]
[Site "Sueca ESP"]
[Date "2015.07.28"]
[Round "2.4"]
[White "Ramon Gualberto, Arturo"]
[Black "Suba, Mihai"]
[Result "0-1"]
[WhiteElo "1968"]
[BlackElo "2322"]
[PlyCount "64"]
[EventDate "2015.07.27"]
[EventType "swiss"]
[EventRounds "8"]
[EventCountry "ESP"]
[SourceTitle "Ajedrez en Madrid"]
[Source "lmi"]
[SourceDate "2015.05.27"]

1. e4 Nf6 2. e5 Nd5 3. d4 d6 4. c4 Nb6 5. exd6 exd6 6. Nc3 Be7 7. Be3 O-O 8.
Bd3 Nc6 9. b3 Re8 10. Nge2 Bg4 11. Rc1 Bf6 12. Bb1 d5 13. c5 Nc8 14. Qd3 g6 15.
O-O N8e7 16. Ng3 Nf5 17. Nxf5 Bxf5 18. Qd2 Bxb1 19. Rxb1 Ne7 20. b4 Nf5 21.
Rfe1 Qd7 22. a4 Re6 23. b5 Rae8 24. Kf1 c6 25. a5 a6 26. bxa6 bxa6 27. Qd3 h5
28. Qxa6 Nxd4 29. Rb7 Qc8 30. Qa7 Nc2 31. Rc1 Nxe3+ 32. fxe3 Rxe3 0-1

[Event "I Open Ciutat de Sueca 2015"]
[Site "Sueca ESP"]
[Date "2015.07.28"]
[Round "2.5"]
[White "Diaz Velandia, Jose Manuel"]
[Black "Cebrian Flores, Juan Antonio"]
[Result "1-0"]
[WhiteElo "2315"]
[BlackElo "1991"]
[PlyCount "75"]
[EventDate "2015.07.27"]
[EventType "swiss"]
[EventRounds "8"]
[EventCountry "ESP"]
[SourceTitle "Ajedrez en Madrid"]
[Source "lmi"]
[SourceDate "2015.05.27"]

1. d4 g6 2. Nf3 Nf6 3. Bg5 Bg7 4. e3 d6 5. Bd3 O-O 6. O-O Nbd7 7. e4 e5 8. c3
b6 9. Nbd2 Bb7 10. Bh4 Qe8 11. Qa4 a6 12. Rae1 Nh5 13. Qc2 h6 14. Bg3 Rc8 15.
b4 Nxg3 16. hxg3 Qe7 17. a4 Rfe8 18. Bc4 Bf6 19. Qd3 Ra8 20. Nh2 Nf8 21. Ng4
Bg7 22. Bb3 Rad8 23. f4 exd4 24. cxd4 d5 25. e5 h5 26. Ne3 f5 27. b5 axb5 28.
axb5 Ne6 29. Nf3 Qd7 30. Nh4 Nf8 31. Rc1 c6 32. bxc6 Bxc6 33. Rf2 Kh7 34. Rfc2
Bb5 35. Qd1 Ba4 36. Rc7 Bxb3 37. Qxb3 Rc8 38. Nxd5 1-0

[Event "I Open Ciutat de Sueca 2015"]
[Site "Sueca ESP"]
[Date "2015.07.28"]
[Round "2.6"]
[White "Valdenebro Orihuel, Miguel"]
[Black "Garcia Fernandez, Carlos"]
[Result "0-1"]
[WhiteElo "1951"]
[BlackElo "2312"]
[PlyCount "76"]
[EventDate "2015.07.27"]
[EventType "swiss"]
[EventRounds "8"]
[EventCountry "ESP"]
[SourceTitle "Ajedrez en Madrid"]
[Source "lmi"]
[SourceDate "2015.05.27"]

1. d4 Nf6 2. Nf3 c5 3. d5 b5 4. c4 d6 5. Qc2 Na6 6. Nc3 Nb4 7. Qb1 bxc4 8. e4
Ba6 9. Nd2 Nd3+ 10. Bxd3 cxd3 11. b4 Rb8 12. b5 Qa5 13. bxa6 Rxb1 14. Rxb1 Qxa6
15. O-O g6 16. e5 Nd7 17. e6 fxe6 18. dxe6 Nb6 19. Nd5 Qb7 20. Nxb6 axb6 21.
Nc4 Bg7 22. Rxb6 Qa7 23. Bg5 O-O 24. Rfb1 Qxa2 25. Nd2 Qxe6 26. Rb7 Bf6 27. Bh6
Bg7 28. Bg5 Qf5 29. Nf3 Bf6 30. Bh6 Ra8 31. Rb8+ Rxb8 32. Rxb8+ Kf7 33. h4 Ke6
34. Re8 Kd7 35. Ra8 c4 36. Ra7+ Kc8 37. Ra4 c3 38. Rc4+ Kd7 0-1

[Event "I Open Ciutat de Sueca 2015"]
[Site "Sueca ESP"]
[Date "2015.07.28"]
[Round "2.7"]
[White "Cruz Lledo, Pablo"]
[Black "La Orden Gil, Javier"]
[Result "1-0"]
[WhiteElo "2299"]
[BlackElo "1967"]
[PlyCount "125"]
[EventDate "2015.07.27"]
[EventType "swiss"]
[EventRounds "8"]
[EventCountry "ESP"]
[SourceTitle "Ajedrez en Madrid"]
[Source "lmi"]
[SourceDate "2015.05.27"]

1. d4 Nf6 2. c4 g6 3. f3 Bg7 4. e4 d6 5. Nc3 O-O 6. Nge2 e5 7. Bg5 Nc6 8. d5
Nd4 9. Nxd4 exd4 10. Nb5 c5 11. dxc6 bxc6 12. Nxd4 Qb6 13. Nb3 d5 14. exd5 Re8+
15. Be2 cxd5 16. c5 Qc7 17. O-O a5 18. Bb5 Bd7 19. Bxd7 Nxd7 20. a4 Bxb2 21.
Ra2 Bg7 22. Qxd5 Rac8 23. Rc2 Re5 24. Qd2 Qa7 25. Be3 Bf8 26. Rfc1 Rce8 27. Bd4
Re2 28. Qxe2 Rxe2 29. Rxe2 Qc7 30. c6 Nb6 31. Be5 Bd6 32. Bxd6 Qxd6 33. c7 Qd3
34. c8=Q+ Nxc8 35. Rxc8+ Kg7 36. Nc1 Qd4+ 37. Kf1 Qxa4 38. Rcc2 Qb5 39. g3 h5
40. Na2 h4 41. Nc3 Qf5 42. Kf2 Qh3 43. Ke3 hxg3 44. hxg3 Qxg3 45. Ne4 Qg1+ 46.
Kf4 Qd4 47. Red2 Qb4 48. Rc7 Qb5 49. Rdd7 Qf5+ 50. Ke3 a4 51. Ra7 a3 52. Rd3
Qe6 53. Rdxa3 Qb6+ 54. Kf4 Qb8+ 55. Kg4 Qe5 56. R3a5 Qe6+ 57. Kg3 Kh6 58. Rb5
Kg7 59. Rbb7 Qe5+ 60. Kg2 Qf5 61. Rxf7+ Qxf7 62. Rxf7+ Kxf7 63. Kg3 1-0

[Event "I Open Ciutat de Sueca 2015"]
[Site "Sueca ESP"]
[Date "2015.07.28"]
[Round "2.8"]
[White "Castillo Pla, Emilio"]
[Black "Torres Sanchez, Jose"]
[Result "0-1"]
[WhiteElo "1934"]
[BlackElo "2286"]
[PlyCount "116"]
[EventDate "2015.07.27"]
[EventType "swiss"]
[EventRounds "8"]
[EventCountry "ESP"]
[SourceTitle "Ajedrez en Madrid"]
[Source "lmi"]
[SourceDate "2015.05.27"]

1. e4 c5 2. c3 d5 3. exd5 Qxd5 4. d4 g6 5. Nf3 Bg7 6. Be3 cxd4 7. cxd4 Nf6 8.
Nc3 Qa5 9. Bc4 O-O 10. O-O Nbd7 11. Re1 Nb6 12. Bb3 Nbd5 13. Bd2 Nxc3 14. Bxc3
Qd8 15. h3 e6 16. Ne5 Nd5 17. Qf3 Qd6 18. Rad1 b6 19. Nc4 Qc7 20. Ne5 Bb7 21.
Qg3 Rac8 22. Qg4 Nf6 23. Qf4 Bd5 24. Bb4 Rfd8 25. Rc1 Qb7 26. Bd2 Rxc1 27. Rxc1
Bxb3 28. axb3 h6 29. Bc3 Rc8 30. Re1 Nd5 31. Qg3 Ne7 32. Qg4 h5 33. Qf4 Nf5 34.
g4 hxg4 35. hxg4 Nh4 36. Qg3 Bxe5 37. Qxh4 Bg7 38. g5 Rd8 39. Re3 Rd5 40. Rh3
Qe7 41. Qh7+ Kf8 42. Rf3 Qxg5+ 43. Kf1 a5 44. Qh2 Qd8 45. b4 Kg8 46. Qf4 Rf5
47. Qe3 Rxf3 48. Qxf3 axb4 49. Bxb4 Bxd4 50. Bc3 e5 51. Ke2 Bxc3 52. Qxc3 Qd5
53. b4 Kg7 54. f4 Qe4+ 55. Qe3 Qxe3+ 56. Kxe3 exf4+ 57. Kxf4 Kf6 58. b5 g5+ 0-1

[Event "I Open Ciutat de Sueca 2015"]
[Site "Sueca ESP"]
[Date "2015.07.28"]
[Round "2.9"]
[White "Fos Santacreu, Juan Andres"]
[Black "Sampedro Barrios, Pablo"]
[Result "1-0"]
[WhiteElo "2286"]
[BlackElo "1936"]
[PlyCount "59"]
[EventDate "2015.07.27"]
[EventType "swiss"]
[EventRounds "8"]
[EventCountry "ESP"]
[SourceTitle "Ajedrez en Madrid"]
[Source "lmi"]
[SourceDate "2015.05.27"]

1. e4 b6 2. c4 Bb7 3. Nc3 c5 4. Nge2 d6 5. d4 e5 6. d5 Nf6 7. Ng3 Bc8 8. Bd3
Be7 9. f3 Bd7 10. Be3 Na6 11. Nf5 Nh5 12. g4 Bxf5 13. exf5 Bh4+ 14. Kf1 Nf4 15.
Bxf4 exf4 16. Qa4+ Qd7 17. Qxa6 O-O 18. Qa4 Qe7 19. Ne4 Qe5 20. Qc2 Qd4 21. Qc3
Qe3 22. Bc2 Qxc3 23. bxc3 Rfe8 24. Ke2 Re5 25. Kd2 b5 26. Nxd6 b4 27. cxb4 cxb4
28. Ne4 Rae8 29. a3 Rc8 30. Kd3 1-0

[Event "I Open Ciutat de Sueca 2015"]
[Site "Sueca ESP"]
[Date "2015.07.28"]
[Round "2.10"]
[White "Vicente Sanz, Andres"]
[Black "Uran Bermudez, Oliver Kevin"]
[Result "1-0"]
[WhiteElo "1929"]
[BlackElo "2216"]
[PlyCount "121"]
[EventDate "2015.07.27"]
[EventType "swiss"]
[EventRounds "8"]
[EventCountry "ESP"]
[SourceTitle "Ajedrez en Madrid"]
[Source "lmi"]
[SourceDate "2015.05.27"]

1. e4 c5 2. Nf3 Nc6 3. d4 cxd4 4. c3 d5 5. exd5 Qxd5 6. cxd4 e5 7. Nc3 Bb4 8.
dxe5 Qxd1+ 9. Kxd1 Bg4 10. Bb5 O-O-O+ 11. Bd2 Nxe5 12. Be2 Bxc3 13. bxc3 Nxf3
14. Bxf3 Nf6 15. Ke2 Bxf3+ 16. gxf3 Rhe8+ 17. Be3 Nd5 18. Rhg1 g6 19. Rac1 Kb8
20. c4 Nf4+ 21. Kf1 Nd3 22. Rc2 f5 23. f4 Re4 24. Rd2 Rxc4 25. Ke2 Ra4 26. Rgd1
b6 27. Rxd3 Rxa2+ 28. R1d2 Rxd3 29. Kxd3 Ra4 30. Kc3 Kc7 31. Kb3 Ra1 32. Ra2
Rxa2 33. Kxa2 Kc6 34. Kb3 Kd5 35. f3 Kd6 36. Kb4 Kc6 37. Kc4 a5 38. Bd4 b5+ 39.
Kb3 Kc7 40. Be5+ Kc6 41. Bf6 Kc7 42. Kc3 Kd7 43. Kd4 Kc6 44. Bd8 b4 45. Kc4 a4
46. Kxb4 Kd5 47. Bf6 a3 48. Kxa3 Kc4 49. Bg5 Kd3 50. Kb4 Ke3 51. Kc5 Kxf3 52.
Kd6 Kg4 53. h4 Kh5 54. Ke5 h6 55. Bf6 Kg4 56. Be7 Kh5 57. Kd4 Kg4 58. Ke3 Kg3
59. Bf8 Kxh4 60. Bxh6 Kh5 61. Bg5 1-0

[Event "I Open Ciutat de Sueca 2015"]
[Site "Sueca ESP"]
[Date "2015.07.28"]
[Round "2.11"]
[White "Galvan, Jesus"]
[Black "Gerona Maura, Jesus"]
[Result "1-0"]
[WhiteElo "2216"]
[BlackElo "1931"]
[PlyCount "61"]
[EventDate "2015.07.27"]
[EventType "swiss"]
[EventRounds "8"]
[EventCountry "ESP"]
[SourceTitle "Ajedrez en Madrid"]
[Source "lmi"]
[SourceDate "2015.05.27"]

1. d4 Nf6 2. c4 c5 3. d5 e6 4. Nc3 exd5 5. cxd5 d6 6. e4 g6 7. f4 Bg7 8. Bb5+
Nfd7 9. a4 a6 10. Be2 O-O 11. Nf3 Re8 12. O-O Bxc3 13. bxc3 Rxe4 14. Bd3 Re8
15. c4 Qf6 16. Rb1 Nf8 17. Qd2 Qg7 18. Bb2 f6 19. Ng5 Bf5 20. Bxf5 gxf5 21. Rf3
Qe7 22. Ne6 Nxe6 23. Re3 Qf7 24. Rxe6 Rxe6 25. dxe6 Qxe6 26. Re1 Qf7 27. Qxd6
Nc6 28. Re3 Rf8 29. h3 h6 30. Kh2 Qxc4 31. Rg3+ 1-0

[Event "I Open Ciutat de Sueca 2015"]
[Site "Sueca ESP"]
[Date "2015.07.28"]
[Round "2.12"]
[White "Del Arco Gimeno, Juan"]
[Black "Montalban Galvez, Antoni"]
[Result "0-1"]
[WhiteElo "1894"]
[BlackElo "2186"]
[PlyCount "98"]
[EventDate "2015.07.27"]
[EventType "swiss"]
[EventRounds "8"]
[EventCountry "ESP"]
[SourceTitle "Ajedrez en Madrid"]
[Source "lmi"]
[SourceDate "2015.05.27"]

1. e4 c5 2. Nf3 Nc6 3. d4 cxd4 4. Nxd4 e6 5. Nxc6 bxc6 6. Bd3 Nf6 7. Nd2 e5 8.
O-O d6 9. Qe2 Be7 10. b3 O-O 11. Bb2 Bg4 12. f3 Be6 13. f4 exf4 14. Rxf4 Nd7
15. Kh1 Ne5 16. Rd1 Bg5 17. Bxe5 dxe5 18. Rff1 Bxd2 19. Rxd2 Qa5 20. a4 Rad8
21. Rdd1 Rd4 22. h3 Rfd8 23. Qf3 Qc7 24. Be2 f6 25. Rd3 R8d7 26. Rfd1 Qd8 27.
Kh2 a5 28. Rxd4 Rxd4 29. Rd3 Kf8 30. Qe3 Qd6 31. Kg1 c5 32. Kf2 Ke7 33. Qd2
Rxd3 34. Qxd3 Qd4+ 35. Qe3 Kd6 36. Bd3 g6 37. Ke2 Qxe3+ 38. Kxe3 f5 39. h4 f4+
40. Kf2 h6 41. Be2 g5 42. hxg5 hxg5 43. g4 c4 44. bxc4 Kc5 45. Ke1 Bxc4 46. Bf3
Be6 47. Kd2 Bd7 48. Kd3 Bxa4 49. c4 Bc6 0-1

[Event "I Open Ciutat de Sueca 2015"]
[Site "Sueca ESP"]
[Date "2015.07.28"]
[Round "2.13"]
[White "Alberola Mulet, Jairo"]
[Black "Bono Monreal, Alberto"]
[Result "1-0"]
[WhiteElo "2185"]
[BlackElo "1891"]
[PlyCount "47"]
[EventDate "2015.07.27"]
[EventType "swiss"]
[EventRounds "8"]
[EventCountry "ESP"]
[SourceTitle "Ajedrez en Madrid"]
[Source "lmi"]
[SourceDate "2015.05.27"]

1. d4 Nf6 2. Nf3 e6 3. g3 c5 4. Bg2 cxd4 5. Nxd4 Nc6 6. O-O Bc5 7. Nb3 Bb6 8.
c4 Qe7 9. Nc3 Ne5 10. c5 Bxc5 11. Bf4 Nc4 12. Nb5 O-O 13. Nc7 e5 14. Nxa8 exf4
15. Qc2 d5 16. Nxc5 Qxc5 17. b3 Be6 18. gxf4 Rxa8 19. bxc4 dxc4 20. Bxb7 Rb8
21. Bg2 g6 22. Qc3 Nd5 23. Qe5 Re8 24. Rfd1 1-0